Перспективные технологии ТЭС / ДО 2019: электронный курс

Dades bibliogràfiques
Autor principal: Цибульский С. А. Святослав Анатольевич
Autor corporatiu: Национальный исследовательский Томский политехнический университет Инженерная школа энергетики Научно-образовательный центр И. Н. Бутакова (НОЦ И. Н. Бутакова)
Sumari:Заглавие с экрана
Курс предназначен для бакалавров заочной формы обучения по направлению 13.03.01 Теплоэнергетика и теплотехника в 8 семестре. Дисциплина относится к вариативной части (модуль специализации) Блока 1 учебного плана образовательной программы. Дисциплина «Перспективные технологии» нацелена на подготовку бакалавров к: 1. Анализу эффективности современных и перспективных технологий преобразования энергии в энергетических установках. 2. Проектированию объектов теплоэнергетики и тепломеханическое оборудование тепловых электростанций. Участвовать. 3. Участию в управлении процессом эксплуатации оборудования и трубопроводов ТЭС, контролировать параметры технологических процессов и показатели качества рабочего тела.
Доступ по логину и паролю
Idioma:rus
Publicat: Томск, TPU Moodle, 2022
Matèries:
Accés en línia:https://design.lms.tpu.ru/course/view.php?id=4568
Format: MixedMaterials Electrònic Llibre
KOHA link:https://koha.lib.tpu.ru/cgi-bin/koha/opac-detail.pl?biblionumber=669131

MARC

LEADER 00000nlm0a2200000 4500
001 669131
005 20231101135555.0
035 |a (RuTPU)RU\TPU\network\40371 
035 |a RU\TPU\network\38776 
090 |a 669131 
100 |a 20230216d2022 m y0rusy50 ca 
101 0 |a rus 
102 |a RU 
105 |a a j 000zy 
135 |a jrcn ---uucaa 
181 0 |a i  
182 0 |a b 
200 1 |a Перспективные технологии ТЭС / ДО 2019  |e электронный курс  |f С. А. Цибульский  |g Национальный исследовательский Томский политехнический университет, Инженерная школа энергетики, Научно-образовательный центр И. Н. Бутакова (НОЦ И. Н. Бутакова) 
203 |a Текст  |c электронный 
210 |a Томск  |c TPU Moodle  |d 2022 
230 |a Электрон. дан. 
300 |a Заглавие с экрана 
330 |a Курс предназначен для бакалавров заочной формы обучения по направлению 13.03.01 Теплоэнергетика и теплотехника в 8 семестре. Дисциплина относится к вариативной части (модуль специализации) Блока 1 учебного плана образовательной программы. Дисциплина «Перспективные технологии» нацелена на подготовку бакалавров к: 1. Анализу эффективности современных и перспективных технологий преобразования энергии в энергетических установках. 2. Проектированию объектов теплоэнергетики и тепломеханическое оборудование тепловых электростанций. Участвовать. 3. Участию в управлении процессом эксплуатации оборудования и трубопроводов ТЭС, контролировать параметры технологических процессов и показатели качества рабочего тела. 
333 |a Доступ по логину и паролю 
610 1 |a электронный ресурс 
610 1 |a труды учёных ТПУ 
610 1 |a электронное обучение 
610 1 |a электронные курсы ТПУ 
610 1 |a электронные учебные пособия 
610 1 |a перспективные технологии 
610 1 |a паротурбинные установки 
610 1 |a газотурбинные установки 
610 1 |a парогазовые установки 
700 1 |a Цибульский  |b С. А.  |c специалист в области энергетики  |c доцент Томского политехнического университета, кандидат технических наук  |f 1990-  |g Святослав Анатольевич  |2 stltpush  |3 (RuTPU)RU\TPU\pers\31865 
712 0 2 |a Национальный исследовательский Томский политехнический университет  |b Инженерная школа энергетики  |b Научно-образовательный центр И. Н. Бутакова (НОЦ И. Н. Бутакова)  |h 8025  |2 stltpush  |3 (RuTPU)RU\TPU\col\23504 
801 2 |a RU  |b 63413507  |c 20230216  |g RCR 
856 4 |u https://design.lms.tpu.ru/course/view.php?id=4568 
942 |c CF